000 00570nam a22001937a 4500
005 20231025122737.0
010 _aENG-138296
020 _a9789380336855
_c600.00
035 _aEN-121828
037 _bDBAD/PUB
082 _a615.538
_b1
100 _aDas, Sukla
_958002
245 _aMedical heritage of early india:an anthropology/
_cSukla Das
260 _aKolkata
_bMaha bodhi book agency
_c2014
270 _a4A Bankim chatterjee street
_bKolkata
_e700073
300 _a283p.
_c22cm(HB)
710 _957990
942 _2ddc
_cEN
_h615.538
_mDAS
999 _c198841
_d198841